Loading...
| Science - Physics | 0 | 5 | 2 | 0 | 40 | 88 | 105.40 | 2 | 5 | 0.00 | 0.00 |
| Beliefs | 1 | 3 | 1 | 0 | 40 | 72 | 91.00 | 1 | 4 | 0.00 | 0.00 |
| Science - Biology | 1 | 3 | 2 | 0 | 35 | 31 | 98.75 | 2 | 4 | 0.00 | 0.00 |
| Science - Chemistry | 1 | 2 | 2 | 0 | 25 | 45 | 67.67 | 3 | 3 | 0.00 | 0.00 |
| Other Science: Astronomy | 0 | 2 | 0 | 1 | 20 | 76 | 95.00 | 1 | 2 | 0.00 | 0.00 |
| Chemistry> | 0 | 2 | 0 | 1 | 20 | 90 | 109.50 | 1 | 2 | 0.00 | 0.00 |
| Other Science: Computer Science | 0 | 2 | 0 | 0 | 20 | 100 | 108.50 | 2 | 2 | 0.00 | 0.00 |
| 0 | 1 | 0 | 0 | 10 | 138 | 138.00 | 1 | 1 | 0.00 | 0.00 | |
| Fine Arts - Visual | 0 | 1 | 0 | 1 | 10 | 137 | 137.00 | 0 | 1 | 0.00 | 0.00 |
| Literature - British | 0 | 1 | 0 | 0 | 10 | 110 | 110.00 | 1 | 1 | 0.00 | 0.00 |
| Literature - European | 0 | 1 | 0 | 0 | 10 | 90 | 90.00 | 1 | 1 | 0.00 | 0.00 |
| Other Science: Math | 0 | 1 | 0 | 0 | 10 | 124 | 124.00 | 0 | 1 | 0.00 | 0.00 |
| Ancient History and Archaeology | 0 | 1 | 0 | 1 | 10 | 127 | 127.00 | 0 | 1 | 0.00 | 0.00 |
| History - American | 0 | 0 | 1 | 0 | -5 | 0.00 | 0 | 0 | 0.00 | 0.00 |